000 00363pam a2200145a 44500
008 230405s xxu||||| |||| 00| 0 eng d
041 _aENG
100 _aMITHAL B M
245 _aA TEXT BOOK OF FORENSIC PHARMACY ( MITHAL )
250 _a9 1993
260 _aCALCUTTA
_bNATIONAL BOOK CENTRE CALCUTTA
_c
300 _a253
650 _aPHARMACEUTICS
906 _a68
999 _c265507
_d265507